[Event "12th Open"]
[Site "Trieste ITA"]
[Date "2010.09.09"]
[Round "7"]
[White "Pomaro,A"]
[Black "Cherin,D"]
[Result "1-0"]
[WhiteElo "2362"]
[BlackElo "2285"]

1.e4 c5 2.Nf3 e6 3.Nc3 a6 4.d4 cxd4 5.Nxd4 Nc6 6.Be3 Nf6 7.a3 d5 8.exd5 Nxd5
9.Nxd5 exd5 10.g3 Be7 11.Bg2 O-O 12.O-O Bf6 13.c3 Be6 14.f4 Qd7 15.Re1 Rad8
16.Nxe6 fxe6 17.Bb6 Rc8 18.Rxe6 Ne7 19.Re2 Qb5 20.Bf2 Rfd8 21.a4 Qc4 22.Rd2 Kh8
23.Bd4 Bxd4+ 24.Rxd4 Qc5 25.Kh1 Rd6 26.Qf3 Rb6 27.Qe2 h6 28.Re1 Rc7 29.Bxd5 Rd6
30.Red1 Rxd5 31.Rxd5 Nxd5 32.Qe8+ Kh7 33.Qe4+ g6 34.Rxd5 Qf2 35.Rd1 Qxb2
36.Rd6 Qa1+ 37.Kg2 Qa2+ 38.Kh3 Qf7 39.Qe5 Re7 40.Qf6 Qxf6 41.Rxf6 Rc7 42.Rb6 Kg7
43.Kg4 Kf7 44.a5 Kg7 45.Kh4 Rf7 46.h3 Kh7 47.c4 Rc7 48.c5 Rxc5 49.Rxb7+ Kg8
50.Rb6 g5+ 51.Kg4 gxf4 52.Kxf4 Rxa5 53.Rxh6 Kg7 54.Rb6 Ra4+ 55.Kg5 Ra5+ 56.Kh4 Ra4+
57.g4 Ra3 58.g5 a5 59.Ra6 a4 60.Kg4 Ra1 61.Kh5 a3 62.Ra7+ Kf8 63.g6 a2 64.h4 Ke8
65.Kh6 Rh1 66.g7  1-0

[Event "6th ch-EU"]
[Site "Arvier ITA"]
[Date "2010.09.10"]
[Round "7"]
[White "Marguerettaz,D"]
[Black "Valenti,G"]
[Result "1-0"]
[WhiteElo "2116"]
[BlackElo "2162"]

1.e4 c5 2.Nf3 e6 3.d4 cxd4 4.Nxd4 a6 5.Nc3 Qc7 6.Bd3 Nf6 7.O-O Be7 8.Kh1 d6
9.f4 Bd7 10.Qe2 Nc6 11.Nf3 Nb4 12.e5 Nfd5 13.Nxd5 exd5 14.exd6 Qxd6 15.Re1 Nxd3
16.cxd3 Kf8 17.Bd2 Bf6 18.a3 Kg8 19.Ne5 Be6 20.Bb4 Qd8 21.Rac1 h5 22.Qf2 Bf5
23.Bc5 Rc8 24.Bb6 Qf8 25.Qe3 Qd6 26.Rxc8+ Bxc8 27.Rc1 Be6 28.Bc7 Qf8 29.Ng6 fxg6
30.Qxe6+ Kh7 31.f5 gxf5 32.Qxf5+ g6 33.Qxd5 Bxb2 34.Rb1 b5 35.h3 Bxa3 36.Be5 Qe7
37.Bxh8 Kxh8 38.Qa8+ Kg7 39.Qxa6 b4 40.Qc4 Qe2 41.Qd4+ Kg8 42.Qe4  1-0

[Event "WCh w Blitz Semi-Final"]
[Site "Moscow RUS"]
[Date "2010.09.15"]
[Round "16"]
[White "Meshcheriakova,E"]
[Black "Ambartsumova,K"]
[Result "0-1"]
[WhiteElo "2260"]
[BlackElo "2302"]

1.e4 c5 2.Nf3 e6 3.Nc3 a6 4.d4 cxd4 5.Nxd4 Qc7 6.f4 Nc6 7.Nb3 d6 8.Be3 Nf6
9.Bd3 b5 10.Qf3 Bb7 11.O-O Be7 12.a3 O-O 13.Qh3 b4 14.axb4 Nxb4 15.Nd4 Nxd3
16.cxd3 Rfe8 17.Rac1 Qd7 18.e5 Nd5 19.Nxd5 Bxd5 20.Rc3 Rab8 21.Rf2 Rec8 22.Ra3 dxe5
23.fxe5 Bxa3 24.bxa3 Rb1+ 25.Rf1 Rxf1+ 26.Kxf1 Qa4 27.Kf2 Rb8 28.Qg4 Rb2+
29.Ke1 Rxg2 30.Qf4 Qxa3  0-1

[Event "WCh w Blitz Semi-Final"]
[Site "Moscow RUS"]
[Date "2010.09.16"]
[Round "17"]
[White "Gvetadze,Sopi"]
[Black "Ambartsumova,K"]
[Result "1-0"]
[WhiteElo "2352"]
[BlackElo "2302"]

1.e4 c5 2.Nf3 e6 3.d4 cxd4 4.Nxd4 a6 5.Nc3 Qc7 6.Be2 Nc6 7.O-O Nf6 8.Be3 Bb4
9.Na4 O-O 10.c4 Be7 11.Nc3 b6 12.Rc1 Nxd4 13.Bxd4 d6 14.Qd2 Bb7 15.f3 Nd7
16.Rfd1 Rac8 17.Bf1 Rfd8 18.Qf2 Bf6 19.Be3 h6 20.Qg3 Be5 21.f4 Bf6 22.f5 Be5
23.Qh3 Nf8 24.Be2 Bxc3 25.Rxc3 Bxe4 26.f6 gxf6 27.Qxh6 Bg6 28.h4 Qe7 29.h5 Be4
30.Bd4 Nh7 31.Rg3+  1-0

[Event "EYCC Boys U14"]
[Site "Batumi GEO"]
[Date "2010.09.20"]
[Round "1"]
[White "Korchmar,V"]
[Black "Andriulevicius,O"]
[Result "1-0"]
[WhiteElo "2214"]
[BlackElo "1868"]

1.e4 c5 2.Nf3 e6 3.d4 cxd4 4.Nxd4 a6 5.Nc3 Ne7 6.Be2 Nbc6 7.Nb3 Qc7 8.O-O Ng6
9.f4 Bd6 10.e5 Be7 11.Ne4 b5 12.Be3 O-O 13.c3 Bb7 14.Nbc5 Rfd8 15.Nd6 Bxd6
16.exd6 Qb8 17.b4 Na7 18.f5 exf5 19.Rxf5 Bxg2 20.Rxf7 Bh3 21.Rxg7+ Kxg7 22.Qd4+ Kf7
23.Qd5+ Kg7 24.Bd4+ Kf8 25.Qf3+ Ke8 26.Ne4  1-0

[Event "EYCC Boys U16"]
[Site "Batumi GEO"]
[Date "2010.09.22"]
[Round "3"]
[White "Kotainy,J"]
[Black "Druska,J"]
[Result "1-0"]
[WhiteElo "2343"]
[BlackElo "2243"]

1.e4 c5 2.Nc3 a6 3.Nf3 e6 4.d4 cxd4 5.Nxd4 Nc6 6.Be3 Nxd4 7.Qxd4 Ne7 8.Be2 Nc6
9.Qd2 b5 10.O-O Bb7 11.f4 Rc8 12.Rad1 Na5 13.f5 Be7 14.fxe6 dxe6 15.Bxb5+ axb5
16.Qf2 O-O 17.Rxd8 Rcxd8 18.Bc5 Bf6 19.Nxb5 Ba6 20.Bxf8 Kxf8 21.e5  1-0

[Event "EYCC Boys U12"]
[Site "Batumi GEO"]
[Date "2010.09.23"]
[Round "4"]
[White "Mraz,O"]
[Black "Khanin,S"]
[Result "1/2-1/2"]
[WhiteElo "1788"]
[BlackElo "2056"]

1.e4 c5 2.Nf3 e6 3.d4 cxd4 4.Nxd4 a6 5.Nc3 Qc7 6.Be2 Nf6 7.O-O Bb4 8.Qd3 Nc6
9.Bg5 Be7 10.Kh1 Ng4 11.Bxg4 Bxg5 12.Nce2 h5 13.Bh3 Nxd4 14.Nxd4 b6 15.e5 Be7
16.Rfe1 g5 17.g3 Bb7+ 18.Bg2 Rc8 19.Rad1 h4 20.Bxb7 Qxb7+ 21.Qe4 Qxe4+ 22.Rxe4 hxg3
23.fxg3 f5 24.exf6 Bxf6 25.c3 Rc4 26.Rd3 Kf7 27.Kg2 Rhc8 28.h3 e5 29.Nf5 Rxe4
30.Nd6+ Ke6 31.Nxc8 Re2+ 32.Kf3 Rxb2 33.Rd6+ Kf7 34.Nxb6 Ke7 35.Rxd7+ Ke6
36.Nc4 Rxa2 37.Rd6+ Ke7 38.Rc6 Ra4 39.Nb6 Ra5 40.Ke4 Kf7 41.Nd5 Bg7 42.Nb4 Ra1
43.Nd3 Rg1 44.Nxe5+ Bxe5 45.Kxe5 Rxg3 46.Rxa6 Rxc3 47.Ke4  1/2-1/2

[Event "39th Olympiad Women"]
[Site "Khanty-Mansiysk RUS"]
[Date "2010.09.23"]
[Round "3"]
[White "Ferreira,Ana"]
[Black "Ghader Pour,S"]
[Result "0-1"]
[WhiteElo "1816"]
[BlackElo "2206"]

1.e4 c5 2.Nf3 e6 3.d4 cxd4 4.Nxd4 a6 5.Nc3 Qc7 6.Bd3 Nf6 7.O-O d6 8.Kh1 Nbd7
9.f4 b5 10.a3 Bb7 11.Qf3 Be7 12.Bd2 O-O 13.Rae1 Nc5 14.Qh3 Nxd3 15.cxd3 Rad8
16.Nf3 Rfe8 17.Ng5 h6 18.e5 Nd7 19.f5 Bxg5 20.Bxg5 hxg5 21.f6 Nxe5 22.Qh5 Ng6
23.Qxg5 Qc5 24.Qg4 gxf6 25.Rxf6 Kg7 26.d4 Qc4 27.Ref1 Re7 28.h4 e5 29.Qg5 Rde8
30.h5 Qd3 31.hxg6 fxg6 32.dxe5 dxe5 33.Kg1 Rc7 34.Rd1 Qc2 35.Rfd6 Qf5 36.Qxf5 gxf5
37.Rd7+ Re7 38.Rxc7 Rxc7 39.Kf2 Kf6 40.g3 Ke6 41.Ke3 Rg7 42.Ne2 Bd5 43.Kf2 Rh7
44.b4 Rh2+ 45.Ke3 Bc4 46.Re1 Rxe2+ 47.Rxe2 Bxe2 48.Kxe2 f4  0-1

[Event "39th Olympiad Women"]
[Site "Khanty-Mansiysk RUS"]
[Date "2010.09.23"]
[Round "3"]
[White "Gerasimova,O"]
[Black "Vazquez Maccarini,Danitza"]
[Result "0-1"]
[WhiteElo "2218"]
[BlackElo "1818"]

1.e4 c5 2.Nf3 e6 3.d4 cxd4 4.Nxd4 a6 5.Nc3 Qc7 6.Bd3 Nf6 7.O-O Be7 8.Re1 d6
9.Be3 b5 10.a3 Bb7 11.f4 Nbd7 12.Nb3 O-O 13.Bd4 Nc5 14.Nxc5 dxc5 15.Be5 Qb6
16.Kh1 c4 17.Bf1 Rad8 18.Qe2 Nd7 19.Qh5 f6 20.Na4 bxa4 21.Bc3 Qc7 22.Ba5 Nb6
23.Re3 Qc5 24.Rh3 Qxh5 25.Rxh5 Rd6 26.Rc5 Rd1 27.Rxd1 Bxc5 28.Bxb6 Bxb6 29.Bxc4 Kh8
30.Bxe6 Bxe4 31.c3 Rd8 32.Rxd8+ Bxd8 33.Bc8 a5 34.Bd7 Bc2 35.h3 Bb6 36.g4 Kg8
37.Be6+ Kf8 38.Bd5 Be3 39.f5 Bc1 40.Kg2 Bxb2 41.c4 Bxa3 42.Kf3 Bc5  0-1

[Event "EYCC Girls U16"]
[Site "Batumi GEO"]
[Date "2010.09.24"]
[Round "6"]
[White "Froewis,A"]
[Black "Eid,M"]
[Result "0-1"]
[WhiteElo "1968"]
[BlackElo "2065"]

1.e4 c5 2.Nf3 e6 3.d4 cxd4 4.Nxd4 a6 5.Nc3 Qc7 6.Bd3 Nf6 7.O-O Be7 8.Kh1 b5
9.f4 b4 10.Nb1 d6 11.c3 Bb7 12.Qa4+ Nbd7 13.Re1 O-O 14.Qc2 Rac8 15.cxb4 Qb6
16.Qf2 e5 17.Be3 Ng4 18.Qg1 Nxe3 19.Qxe3 Qxd4 20.Qxd4 exd4 21.a3 Bh4 22.g3 Bf6
23.Nd2 g6 24.Kg1 Nb6 25.a4 d5 26.e5 Be7 27.b5 Nc4  0-1

[Event "EYCC Girls U14"]
[Site "Batumi GEO"]
[Date "2010.09.24"]
[Round "6"]
[White "Gueci,Laura"]
[Black "Boyarchenko,V"]
[Result "1-0"]
[WhiteElo "1749"]
[BlackElo "1688"]

1.e4 c5 2.Nf3 e6 3.d4 cxd4 4.Nxd4 a6 5.Nc3 Qc7 6.Be3 Bb4 7.Bd2 Nc6 8.Nxc6 bxc6
9.Bd3 Nf6 10.O-O O-O 11.a3 Ba5 12.Re1 e5 13.b4 Bb6 14.Na4 Ba7 15.Qe2 d6 16.h3 h6
17.Kh1 Bb7 18.f4 exf4 19.Bxf4 Qe7 20.c4 c5 21.Nc3 Rfe8 22.e5 dxe5 23.Qxe5 Qxe5
24.Bxe5 Nd7 25.Bg3 cxb4 26.axb4 Bd4 27.Rac1 Rxe1+ 28.Bxe1 Re8 29.Bd2 Nf6
30.c5 Bxc3 31.Bxc3 Ne4 32.Kg1 Nxc3 33.Rxc3 Re6 34.Bc4 Rf6 35.Bb3 Bc6 36.Bc2 g6
37.Bd3 Bb7 38.b5 axb5 39.Bxb5 Bc6 40.Be2 Kf8 41.Kh2 Kg7 42.Kg3 h5 43.Bf3 Bxf3
44.Rxf3 Rc6 45.Rc3 f5 46.h4 Kf6 47.Kf4 Ke6 48.Kg5 Ke5 49.Rg3 f4 50.Rc3 Ke4
51.Rc1 Ke3 52.Re1+ Kf2 53.Re5 Kxg2 54.Kxf4 Kh3 55.Kg5 Kg3 56.Re3+ Kf2 57.Rc3 Ke2
58.Kh6 Kf2 59.Kg7 Ke2 60.Rg3  1-0

[Event "39th Olympiad Women"]
[Site "Khanty-Mansiysk RUS"]
[Date "2010.09.25"]
[Round "5"]
[White "Zsiltzova Lisenko,L"]
[Black "Greeff,M"]
[Result "1-0"]
[WhiteElo "2282"]
[BlackElo "2079"]

1.e4 c5 2.Nf3 e6 3.d4 cxd4 4.Nxd4 a6 5.Nc3 b5 6.Bd3 Bb7 7.O-O Nc6 8.Nb3 Nf6
9.f4 b4 10.Na4 Na7 11.e5 Bc6 12.exf6 Bxa4 13.fxg7 Bxg7 14.f5 e5 15.f6 Qb6+
16.Kh1 Bf8 17.Bc4 O-O-O 18.Qe2 Bb5 19.Be3 Qc7 20.Bxb5 Nxb5 21.Qf2 Kb7 22.Nc5+ Bxc5
23.Bxc5 Rc8 24.Bxb4 Qxc2 25.Qe3 Rhg8 26.Rf2 Qc4 27.a3 Qd4 28.Qe2 d6 29.Rd1 Qc4
30.Qe3 Rg4 31.b3 Qe4 32.Qd2 Qc6 33.Qh6 Rcg8 34.Rg1 Qe4 35.Qh3 d5 36.Re1 Qg6
37.a4 Rxb4 38.axb5 Rxb5 39.Qd7+ Kb8 40.Qd6+ Kb7 41.Ra2 a5 42.Rc1 Rb6 43.Qxd5+ Kb8
44.Rxa5 Rb7 45.Qxe5+  1-0

[Event "39th Olympiad Women"]
[Site "Khanty-Mansiysk RUS"]
[Date "2010.09.25"]
[Round "5"]
[White "Tokhirjanova,H"]
[Black "Ni,V"]
[Result "0-1"]
[WhiteElo "2147"]
[BlackElo "2199"]

1.e4 c5 2.Nf3 e6 3.d4 cxd4 4.Nxd4 a6 5.Nc3 Qc7 6.g3 Nf6 7.Bg2 Be7 8.O-O d6
9.f4 O-O 10.Kh1 Nc6 11.Nb3 Rb8 12.g4 b6 13.g5 Nd7 14.Rf3 Re8 15.Rh3 b5 16.a3 b4
17.axb4 Nxb4 18.Be3 Nf8 19.Rg3 d5 20.e5 Ng6 21.Nd4 Bc5 22.Nce2 Bxd4 23.Nxd4 Nc6
24.Nxc6 Qxc6 25.Bc1 Bb7 26.Rh3 Qb6 27.Rb3 Qc7 28.Rc3 Qd7 29.Qd4 Nh4 30.Bh3 Qb5
31.Rd3 Rec8 32.Qf2 d4+ 33.Kg1 Qd5 34.Kf1 Qh1+ 35.Qg1 Qxg1+ 36.Kxg1 Rxc2 37.f5 Nf3+
38.Rxf3 Bxf3 39.fxe6 fxe6 40.Bxe6+ Kh8 41.Bf7 d3 42.Be3 d2 43.e6 d1=Q+ 44.Rxd1 Bxd1
45.e7 Re2  0-1

[Event "Highlands Open"]
[Site "Zdar nad Sazavou CZE"]
[Date "2010.09.25"]
[Round "1"]
[White "Kaser,J"]
[Black "Snorek,M"]
[Result "0-1"]
[WhiteElo "1759"]
[BlackElo "2143"]

1.e4 c5 2.Nc3 e6 3.Nf3 a6 4.d4 cxd4 5.Nxd4 Qc7 6.Bd3 Nf6 7.O-O Bd6 8.Nf3 Ng4
9.h3 h5 10.hxg4 hxg4 11.e5 Bc5 12.Ng5 Qxe5 13.g3 Qxg3+  0-1

[Event "39th Olympiad Women"]
[Site "Khanty-Mansiysk RUS"]
[Date "2010.09.27"]
[Round "6"]
[White "Wang Yu A"]
[Black "Kabanova,E"]
[Result "1-0"]
[WhiteElo "2394"]
[BlackElo "2177"]

1.e4 c5 2.Nf3 e6 3.d4 cxd4 4.Nxd4 a6 5.Nc3 Qc7 6.Bd3 d6 7.O-O Nd7 8.Kh1 Ngf6
9.f4 Be7 10.Qe2 b5 11.Bd2 Bb7 12.Rae1 Nc5 13.b4 Nxd3 14.cxd3 Rc8 15.Nd1 O-O
16.Ne3 Nd7 17.f5 e5 18.f6 Bxf6 19.Ndf5 g6 20.Nh6+ Kh8 21.Neg4 Kg7 22.Qf3 Qd8
23.Nxf6 Qxf6 24.Qg4 Qd8 25.Nf5+ Kh8 26.Nxd6 Nf6 27.Rxf6 Qxf6 28.Nxb7 Rc2
29.Be3 Rxa2 30.Nc5 h5 31.Qd1 Rd8 32.Rf1 Qe7 33.Qc1 f6 34.Bf2 Kh7 35.Bh4 Rd6
36.Qb1 Re2 37.Qd1 Rb2 38.Be1 Kg7 39.Bc3 Ra2 40.Qb1 Re2 41.Qc1 Ra2 42.Qe3 Kh7
43.h3 Rc2 44.Bd2 Qg7 45.Ra1 Rc6 46.Nxa6 g5 47.Nc5 g4 48.hxg4 hxg4 49.Qe1 g3
50.Qd1 Rxd2 51.Qxd2 Qg4 52.Kg1 Qh4 53.Qe3 Kg6 54.Kf1 Qh1+ 55.Qg1 Qh6 56.Ke2 Qh5+
57.Kd2 Rd6 58.Qe3 Qh2 59.Qf3 Qh6+ 60.Kc2 Qf4 61.Rf1 Qh4 62.Qf5+ Kh6 63.Ne6 Rc6+
64.Kb3 Rc8 65.Rh1 Qxh1 66.Qxf6+  1-0

[Event "39th Olympiad Women"]
[Site "Khanty-Mansiysk RUS"]
[Date "2010.09.27"]
[Round "6"]
[White "Pourkashiyan,A"]
[Black "Lujan,C"]
[Result "1-0"]
[WhiteElo "2322"]
[BlackElo "2312"]

1.e4 c5 2.Nf3 e6 3.d4 cxd4 4.Nxd4 a6 5.Nc3 b5 6.Bd3 Qb6 7.Nf3 Qc7 8.O-O Bb7
9.Re1 Be7 10.e5 f5 11.Bg5 Bc5 12.Nh4 g6 13.a4 b4 14.Ne2 Ne7 15.Nf4 Nbc6 16.c3 Nxe5
17.cxb4 Nf7 18.bxc5 Nxg5 19.Qc1 Nf7 20.Nf3 Bxf3 21.gxf3 O-O 22.Bf1 Nc6 23.Ra3 Rfb8
24.Nd3 Ra7 25.Bg2 Nb4 26.f4 Nxd3 27.Rxd3 Rb4 28.c6 dxc6 29.Rxe6 Ra8 30.Rxc6 Qxf4
31.Qxf4 Rxf4 32.Rc7 Rf8 33.Bd5 Kg7 34.Rb3 Rd4 35.Bc4 Kf6 36.Rb6+ Nd6 37.f4 g5
38.Rd7 gxf4 39.Rbxd6+ Rxd6 40.Rxd6+ Ke5 41.Rxa6 Kd4 42.Bf1 Rb8 43.Rd6+ Ke3
44.Rd3+ Ke4 45.b3 Rc8 46.Rd2 Ke3 47.Rd3+ Ke4 48.a5 f3 49.a6 Rc2 50.b4 h5
51.Ra3  1-0

[Event "39th Olympiad Women"]
[Site "Khanty-Mansiysk RUS"]
[Date "2010.09.27"]
[Round "6"]
[White "Figueroa,Jul"]
[Black "Alderete,J"]
[Result "1-0"]
[WhiteElo "1792"]
[BlackElo "1568"]

1.e4 c5 2.Nf3 e6 3.d4 cxd4 4.Nxd4 a6 5.Nc3 Qc7 6.Be2 Bb4 7.O-O Bxc3 8.bxc3 Qxc3
9.Rb1 Qc7 10.Ba3 Ne7 11.f4 d6 12.f5 O-O 13.fxe6 fxe6 14.Rxf8+ Kxf8 15.Bg4 Kg8
16.Nxe6 Bxe6 17.Bxe6+ Kh8 18.Bxd6 Qd8 19.Rxb7 Nbc6 20.Rd7 Qe8 21.Bxe7 Nxe7
22.Qd6 Ng6 23.Qd4 Ne7 24.Qe5 Qf8 25.Qd6 Rb8 26.Bb3 Re8 27.Qe6 Ng6 28.Qf5 Qb4
29.Rd1 Rf8 30.Qd5 Qb6+ 31.Qd4 Nh4 32.Qxb6  1-0

[Event "Highlands Open"]
[Site "Zdar nad Sazavou CZE"]
[Date "2010.09.27"]
[Round "3"]
[White "Bilek,R"]
[Black "Snorek,M"]
[Result "0-1"]
[WhiteElo "1976"]
[BlackElo "2143"]

1.e4 c5 2.Nf3 e6 3.d4 cxd4 4.Nxd4 a6 5.Nc3 Qc7 6.a3 Nf6 7.Be2 b6 8.O-O Bb7
9.Bf3 d6 10.g3 Nbd7 11.Bg2 Be7 12.f4 h5 13.h3 Rc8 14.Re1 Qb8 15.Qe2 Qa8 16.e5 dxe5
17.fxe5 Bc5 18.Be3 Nd5 19.Nxd5 Bxd5 20.Nf3 Bxe3+ 21.Qxe3 Rxc2 22.Re2 Rxe2
23.Qxe2 O-O 24.Rd1 Rc8 25.Ng5 Bxg2 26.Qxh5 Nxe5 27.Qh7+ Kf8 28.Qh8+ Ke7 29.Qxg7 Bh1  0-1

[Event "39th Olympiad Women"]
[Site "Khanty-Mansiysk RUS"]
[Date "2010.09.28"]
[Round "7"]
[White "Figueroa,Jul"]
[Black "Lauterbach,I"]
[Result "1-0"]
[WhiteElo "1792"]
[BlackElo "2169"]

1.e4 c5 2.Nf3 e6 3.d4 cxd4 4.Nxd4 a6 5.Nc3 Qc7 6.Be2 b5 7.O-O Bb7 8.Bf3 Nc6
9.a3 Ne5 10.Be2 Nf6 11.Bd3 Nxd3 12.cxd3 Be7 13.Kh1 O-O 14.f4 Qb6 15.Nc2 d6
16.Be3 Qc7 17.Rc1 Rac8 18.Qe1 Ba8 19.Qg3 d5 20.e5 Nh5 21.Qh3 g6 22.Nd4 Qb8
23.Nxe6 fxe6 24.Qxe6+ Kh8 25.Qxe7 Ng7 26.Ba7 Qc7 27.Qxc7 Rxc7 28.Be3 Nf5
29.Bf2 Ng7 30.Ne2 Rcf7 31.Bc5 Re8 32.Nd4 Bb7 33.Bd6 Kg8 34.Rc7 Rxc7 35.Bxc7 Ne6
36.Nxe6 Rxe6 37.Rc1 Re8 38.Bd6 Rc8 39.Rxc8+ Bxc8 40.Kg1 Bf5 41.d4 Kf7 42.Kf2 h5
43.Kg3 Be4 44.Kh3 Ke6 45.g3 Bd3 46.Kh4 Bc2 47.Kg5 Bd3 48.h3 Bc2 49.g4 hxg4
50.hxg4 Bd3 51.Bb4 Bc2 52.Bd2 Bd3 53.Kh6 Kf7 54.f5 gxf5 55.g5 f4 56.Bxf4 Bf5
57.Bd2 Be4 58.Ba5 Bf5 59.Bd8 Ke8 60.g6 Be6 61.Kh7 Bf5 62.Bc7 Kd7 63.Bd6 Ke6
64.Kh6 a5 65.Kg5 Bd3 66.Kh6 Bf5 67.g7 Kf7 68.Bf8 a4 69.Kg5 Bh7 70.Kf4 Ke6
71.Ke3 Bg8 72.Kd3 Kd7 73.Kc3 Kc6 74.Kb4 Kb6 75.Bc5+ Ka6 76.Be7 Kb6 77.Bd8+ Kc6
78.Ka5 Bf7 79.Ka6 Bg8 80.Ka7 Kd7 81.Kb6 b4 82.Bf6 bxa3 83.bxa3 Be6 84.Kb5 Bf7
85.Kxa4 Kc6 86.Ka5 Bg8 87.Ka6 Bf7 88.a4 Bg8 89.Ka7 Kc7 90.a5 Bf7 91.a6 Be6
92.Be7 Kc8 93.Bd6  1-0

[Event "39th Olympiad Women"]
[Site "Khanty-Mansiysk RUS"]
[Date "2010.09.28"]
[Round "7"]
[White "Andersson,C"]
[Black "Ostry,I"]
[Result "1/2-1/2"]
[WhiteElo "2113"]
[BlackElo "2197"]

1.e4 c5 2.Nf3 e6 3.d4 cxd4 4.Nxd4 a6 5.Nc3 Qc7 6.Bd3 Nc6 7.Nxc6 bxc6 8.O-O Nf6
9.Be3 d5 10.exd5 cxd5 11.Qe2 Bb7 12.Bd4 Be7 13.Rae1 O-O 14.Qf3 Rfe8 15.Re3 h6
16.Rfe1 Nd7 17.Qg4 Bf6 18.Rg3 e5 19.Qf5 g6 20.Be3 Bg7 21.Rxg6 fxg6 22.Qxg6 Nf8
23.Qg3 Qd6 24.Bd2 Rad8 25.Bf5 e4 26.Bf4 Qf6 27.Bg4 Ne6 28.Bd6 Kh8 29.Bb4 Nd4
30.Ba5 Ra8 31.Na4 Nc6 32.Bd2 d4 33.Nc5 e3 34.fxe3 Bc8 35.Bf3 a5 36.Qc7 Bf5
37.Qxc6 Rac8 38.Qxf6 Bxf6 39.Nb3 Rxc2 40.Nxd4 Rxd2 41.Nxf5 Rxb2 42.a4 Kh7
43.Rd1 Kg6 44.e4 Rd8 45.Rc1 Rdd2 46.h4 Rbc2 47.Rb1 Rb2 48.Rc1 Rbc2 49.Rb1 Bd8
50.Kh2 Rb2 51.Rc1 Rbc2 52.Rb1 Rb2 53.Rc1 Rbc2 54.Rb1 Rb2 55.Rc1 Rbc2  1/2-1/2

[Event "39th Olympiad Women"]
[Site "Khanty-Mansiysk RUS"]
[Date "2010.09.29"]
[Round "8"]
[White "Voicu,C"]
[Black "Hejazipour,M"]
[Result "1-0"]
[WhiteElo "2313"]
[BlackElo "2239"]

1.e4 c5 2.Nf3 e6 3.d4 cxd4 4.Nxd4 a6 5.Nc3 Qc7 6.Bd3 Nf6 7.O-O d6 8.f4 Nbd7
9.Kh1 b5 10.Qe2 b4 11.Nd1 Bb7 12.Bd2 d5 13.exd5 Nxd5 14.c4 bxc3 15.Nxc3 Qb6
16.Nf5 N7f6 17.Na4 Qc6 18.b3 g6 19.Rac1 Qd7 20.Ne3 Ba3 21.Nc4 Bxc1 22.Bxc1 Rd8
23.Nc5 Qc7 24.Nxb7 Qxb7 25.f5 gxf5 26.Bxf5 Rg8 27.Bh3 Nc3 28.Qe1 Nfe4 29.Ne3 f5
30.Bb2 Qg7 31.a4 Rd2 32.Nxf5 Qd7 33.Bxc3 Nf2+ 34.Rxf2 Rd1 35.Re2 Rxe1+ 36.Rxe1 Rg6
37.Nd4 Qc7 38.Ba1 Qa5 39.Nf3 Qb6 40.Bf5 Rh6 41.Bg7 Kd7 42.Ne5+ Kd8 43.Rd1+ Ke7
44.Bf8+ Ke8 45.Bxh6 Qa5 46.Nc4 Qb4 47.Bxe6 Ke7 48.Bd5 Qxb3 49.Bg5+ Kf8 50.Rf1+ Kg7
51.h4 Qb8 52.Bf6+ Kh6 53.Ne5 a5 54.Bg5+ Kg7 55.Rf7+  1-0

[Event "39th Olympiad Women"]
[Site "Khanty-Mansiysk RUS"]
[Date "2010.09.30"]
[Round "9"]
[White "Calzetta Ruiz,M"]
[Black "Chirivi C,Y"]
[Result "1/2-1/2"]
[WhiteElo "2280"]
[BlackElo "2227"]

1.e4 c5 2.Nf3 e6 3.d4 cxd4 4.Nxd4 a6 5.Nc3 Qc7 6.Bd3 Nf6 7.f4 d6 8.Qf3 Nbd7
9.g4 Nc5 10.g5 Nfd7 11.Be2 b5 12.b4 Nb7 13.a3 Nb6 14.O-O Nd8 15.f5 e5 16.Nb3 Bb7
17.Na5 Rc8 18.Nxb7 Qxc3 19.Be3 Nxb7 20.Bxb6 Qxf3 21.Bxf3 Be7 22.h4 h6 23.g6 Bxh4
24.gxf7+ Kxf7 25.a4 Rc6 26.Be3 Kf6 27.axb5 axb5 28.Ra7 Rb8 29.Be2 Rxc2 30.Bxb5 Rb2
31.Bc6 Rxb4 32.Bd5 Bg5 33.Bf2 g6 34.Ra6 gxf5 35.Ba7 Rf8 36.Rxf5+ Kg7 37.Rxf8 Kxf8
38.Kg2 Ke7 39.Bb6 Nc5 40.Ra7+ Nd7 41.Ba5 Rb2+ 42.Kf3 Rc2 43.Bb3 Rc1 44.Ba4 Ra1
45.Bc6 Kf8 46.Ra8+ Kg7 47.Ra7 Kf8 48.Bxd7 Bd8 49.Bb6 Rf1+ 50.Kg2 Bxb6 51.Ra8+ Ke7
52.Kxf1 Kxd7 53.Ke2 Bd8 54.Kf3 Bg5 55.Kg4 Ke6 56.Ra6 Be3 57.Kh5 Bd2 58.Kg6 Be3
59.Ra8 Bf4 60.Re8+ Kd7 61.Kf7 Bg5 62.Rb8 d5 63.exd5 Kd6 64.Kg6 Kxd5 65.Rb5+ Kd4
66.Rb4+ Kc5 67.Re4 Kd5 68.Kf5 Bf4 69.Re1 Kd4 70.Re4+ Kd5 71.Ra4 h5 72.Ra8 h4
73.Rd8+ Kc5 74.Rh8 Bg3 75.Ke4 Kc6 76.Rh6+ Kc5 77.Rh7 Kc6 78.Rh6+  1/2-1/2

[Event "39th Olympiad Men"]
[Site "Khanty-Mansiysk RUS"]
[Date "2010.09.30"]
[Round "9"]
[White "Solomon,SJ"]
[Black "Grandelius,N"]
[Result "0-1"]
[WhiteElo "2396"]
[BlackElo "2500"]

1.e4 c5 2.Nf3 e6 3.d4 cxd4 4.Nxd4 a6 5.Nc3 b5 6.Bd3 Qb6 7.Nb3 Qc7 8.O-O Bb7
9.f4 d6 10.f5 Nf6 11.fxe6 fxe6 12.Nd4 Qd7 13.Qf3 Nc6 14.Nxc6 Bxc6 15.Ne2 e5
16.Ng3 Be7 17.Nf5 O-O 18.Qg3 Bd8 19.Be3 Kh8 20.Qh3 g6 21.Ng3 Qxh3 22.gxh3 Kg7
23.Kg2 d5 24.Bc5 Rf7 25.Rae1 Rc8 26.b4 Be7 27.Bxe7 Rxe7 28.Rf2 h5 29.h4 dxe4
30.Nxe4 Bxe4+ 31.Bxe4 Rc4 32.Rxf6 Kxf6 33.a3 Rd7 34.Re3 Rdc7 35.Kf3 Rc3 36.Bd3 Rxa3
37.Ke4 Ra4 38.Rf3+ Ke6 39.Ke3 Rxb4 40.Rf8 Rxh4 41.Rg8 Kf7 42.Ra8 Rc6 43.h3 e4
44.Bf1 Kf6 45.Kd4 Kg5 46.c4 bxc4 47.Kd5 Rf6 48.Bxc4 e3 49.Bd3 Rxh3  0-1

[Event "39th Olympiad Women"]
[Site "Khanty-Mansiysk RUS"]
[Date "2010.09.30"]
[Round "9"]
[White "Mijovic,A"]
[Black "Kagramanov,Di"]
[Result "1-0"]
[WhiteElo "2182"]
[BlackElo "2086"]

1.e4 c5 2.Nf3 e6 3.d4 cxd4 4.Nxd4 a6 5.Nc3 b5 6.Bd3 Qc7 7.O-O Bb7 8.Re1 Nf6
9.e5 Nd5 10.Nxd5 Bxd5 11.Qg4 h5 12.Qh4 Nc6 13.Nxc6 Bxc6 14.Bg5 Qb7 15.Bf1 d5
16.exd6 Bxd6 17.Qd4 Be7 18.Bxe7 Qxe7 19.Qxg7 O-O-O 20.Qc3 Kb7 21.a4 Rhg8
22.axb5 axb5 23.g3 Qd6 24.Re5 h4 25.Bg2 Bd5 26.Bxd5+ exd5 27.Qe3 Qb6 28.Re7+ Kc6
29.Qc3+ Kd6 30.Qf6+ Kc5 31.b4+  1-0

[Event "39th Olympiad Women"]
[Site "Khanty-Mansiysk RUS"]
[Date "2010.09.30"]
[Round "9"]
[White "Seps,M"]
[Black "Hejazipour,M"]
[Result "0-1"]
[WhiteElo "2184"]
[BlackElo "2239"]

1.e4 c5 2.Nf3 e6 3.d4 cxd4 4.Nxd4 a6 5.Nc3 Qc7 6.Bd3 Nf6 7.f4 d6 8.Qf3 Nbd7
9.g4 h6 10.h4 h5 11.g5 Ng4 12.g6 Nc5 13.gxf7+ Qxf7 14.Bd2 Be7 15.Qg3 Nxd3+
16.cxd3 Bd7 17.O-O-O g6 18.Kb1 b5 19.Nc2 Bf6 20.e5 dxe5 21.Ne4 O-O 22.Nxf6+ Qxf6
23.Rhf1 Rac8 24.Ne3 Nxe3 25.Bxe3 Qf5 26.fxe5 Qxd3+  0-1

[Event "39th Olympiad Women"]
[Site "Khanty-Mansiysk RUS"]
[Date "2010.10.01"]
[Round "10"]
[White "Solic,K"]
[Black "Ankhchimeg,B"]
[Result "1-0"]
[WhiteElo "2225"]
[BlackElo "2153"]

1.e4 c5 2.Nf3 e6 3.d4 cxd4 4.Nxd4 a6 5.Nc3 Qc7 6.Be2 Nf6 7.O-O Nc6 8.Be3 d6
9.Kh1 b5 10.a3 Bb7 11.f4 Be7 12.Bf3 O-O 13.Qe1 Na5 14.Rd1 Nc4 15.Bc1 Rac8
16.Rd3 Rfe8 17.b3 Nb6 18.e5 Nfd5 19.Nxd5 Bxd5 20.Bxd5 Nxd5 21.f5 dxe5 22.fxe6 Bf6
23.exf7+ Qxf7 24.Nf5 Qe6 25.Qe4 Red8 26.c4 bxc4 27.bxc4 Ne7 28.Nxe7+ Bxe7
29.Rxd8+ Bxd8 30.Rd1 Bf6 31.Rd5 Qc6 32.c5 Qb5 33.Be3 Qe2 34.Qd3 Qe1+ 35.Bg1 Rb8
36.c6 Qc1 37.Rc5 Qf4 38.c7 Rc8 39.Qxa6  1-0

[Event "39th Olympiad Women"]
[Site "Khanty-Mansiysk RUS"]
[Date "2010.10.01"]
[Round "10"]
[White "Frisk,E"]
[Black "Vasquez Ramirez,R"]
[Result "0-1"]
[WhiteElo "2113"]
[BlackElo "2227"]

1.e4 c5 2.Nf3 e6 3.d4 cxd4 4.Nxd4 a6 5.Nc3 Qb6 6.Nb3 Qc7 7.Bd3 b5 8.O-O Nf6
9.f4 b4 10.e5 bxc3 11.exf6 gxf6 12.bxc3 Bb7 13.Qe2 Be7 14.Be3 Qxc3 15.Bd2 Qc7
16.Na5 Bc6 17.Nxc6 Nxc6 18.Rab1 d5 19.Kh1 Nd4 20.Qf2 Nb5 21.Qg3 Nd6 22.Qg7 Kd7
23.Qg3 Rab8 24.Rb3 f5 25.Bc3 Rhg8 26.Qe1 Ne4 27.Be5 Bd6 28.Bxa6 Qxc2 29.g3 Rxb3
30.axb3 Bxe5 31.fxe5 Rb8 32.Be2 Qc3 33.Qd1 Rxb3 34.Bh5 Qd3 35.Qa1 Ra3 36.Qe1 Ra2
37.Qc1 Nxg3+ 38.hxg3 Qxg3 39.Be2 Qh4+ 40.Kg1 Rxe2  0-1

[Event "39th Olympiad Women"]
[Site "Khanty-Mansiysk RUS"]
[Date "2010.10.01"]
[Round "10"]
[White "Makropoulou,M"]
[Black "Kabanova,E"]
[Result "1/2-1/2"]
[WhiteElo "2230"]
[BlackElo "2177"]

1.e4 c5 2.Nf3 e6 3.d4 cxd4 4.Nxd4 a6 5.Nc3 Qc7 6.Bd3 Nf6 7.Qe2 d6 8.O-O Be7
9.Kh1 Nbd7 10.f4 b5 11.Bd2 Bb7 12.Rae1 Nc5 13.b4 Nxd3 14.cxd3 O-O 15.Rc1 Qd7
16.Rc2 Rac8 17.Rfc1 Rc7 18.a3 Rfc8 19.Be3 Bd8 20.Kg1 Kh8 21.h3 Rb8 22.Qf2 Rcc8
23.Nb3 Qe8 24.Bd4 Nd7 25.Kh1 Ba8 26.Qg3 e5 27.fxe5 dxe5 28.Be3 Qe6 29.Nc5 Nxc5
30.Bxc5 f6 31.Nd1 Be7 32.Ne3 Bxc5 33.Rxc5 Rxc5 34.Rxc5 Rc8 35.Qe1 Bb7 36.Qc3 g6
37.Nd5 Rd8 38.Ne3 Rd7 39.Rc7 Rxc7 40.Qxc7 Qc8 41.Qe7 Qc1+ 42.Kh2 Kg8 43.Qe6+ Kg7
44.Qe7+ Kg8 45.Qd8+ Kf7 46.Qd7+ Kf8 47.Qd6+ Kf7 48.Qb6 Qc6 49.Qa7 Kg7 50.Nd5 Qd7
51.Nb6 Qc7 52.a4 Qf7 53.a5 f5 54.Qb8 Qe7 55.Nc8 Bxc8 56.Qxc8 fxe4 57.dxe4 Qf6
58.Qc7+ Kh6 59.Kg1 Qf4 60.Qc6  1/2-1/2